| 000 | 01012cam a2200265 4500 | ||
|---|---|---|---|
| 001 | J1135 | ||
| 008 | 090401t1992 xxu||||| |||| 00| 0 eng d | ||
| 035 | _a(Sirsi) u41961 | ||
| 041 | _aeng | ||
| 050 | _a346.4104343 | ||
| 100 | _aBernstein, Ronald | ||
| 245 | 4 | _aThe twelfth Hamptons Lecture: UK lease structures in the melting pot: what can we learn from continental property markets? Given jointly... at ... Incorporated Society of Valuers and Auctioneers on 9 November 1992. | |
| 260 | _c1992 | ||
| 300 | _a27,(9) leaves ; 30cm. | ||
| 350 | _a0 | ||
| 520 | _aLooks at the traditional UK form of lease, its consequences and problems in the current market conditions. Compares practices in Europe and then sets out possible changes in UK lease structures. | ||
| 650 | _aBUSINESS LEASES | ||
| 650 | _aHAMPTONS LECTURE | ||
| 650 | _aLEASES | ||
| 650 | _aPENDULUM ARBITRATION | ||
| 690 | _aLANDLORD AND TENANT-BUSINESS TENANCIES | ||
| 700 | _aLewis, Clive | ||
| 942 | _n0 | ||
| 948 | _c04/03/1997 | ||
| 999 |
_c91009 _d91009 |
||